|
|
|
|
| LEADER |
00888nam a2200241 a 4500 |
| 001 |
30030822 |
| 008 |
100302s1993 enkae 001 0 eng d |
| 010 |
|
|
|a gb 94019520
|
| 020 |
|
|
|a 2880461901
|
| 020 |
|
|
|a 0713475560
|
| 040 |
|
|
|a UKM
|c UKM
|d CIN
|d EQF
|d DB-DhAAL
|
| 082 |
0 |
4 |
|a 725
|2 20
|
| 100 |
1 |
|
|a Phillips, Alan,
|d 1947 Jan. 20-
|
| 245 |
1 |
4 |
|a The best in leisure and public architecture /
|c Alan Phillips.
|
| 260 |
|
|
|a London ;
|a Mies, Switzerland :
|b Rotovision,
|c c1993.
|
| 300 |
|
|
|a 224 p. :
|b ill., plans ;
|c 30 cm.
|
| 504 |
|
|
|a Includes index.
|
| 541 |
1 |
|
|e 00011881
|
| 650 |
|
0 |
|a Public architecture.
|
| 650 |
|
0 |
|a Architecture, Modern
|y 20th century.
|
| 852 |
4 |
|
|a Ayesha Abed Library
|j General Shelf.
|
| 999 |
|
|
|c 7687
|d 7687
|
| 952 |
|
|
|0 0
|1 0
|2 ddc
|4 0
|6 725_PHI_199300000000000
|7 0
|9 8419
|a BRACUL
|b BRACUL
|c GEN
|d 2010-03-02
|l 10
|m 46
|o 725 PHI
|p 3010011881
|r 2026-03-05
|s 2026-02-26
|t 1
|w 2010-03-02
|y BK
|